000 00537nam a2200169Ia 4500
999 _c36042
_d36042
003 OSt
005 20210121123753.0
008 190216s9999||||xx |||||||||||||| ||und||
040 _coclc
082 _a307.14120954
_bDEO/P
100 _aDeogaonkar, S G
_98344
245 4 _aProblems Of Development Of Tribal Areas /
_cS G Deogaonkar
260 _bLeeladevei Publications,
_c1988.
_aDelhi:
300 _a177p
650 _aDevelopment Of Tribal Areas
942 _cBK
_2ddc
_h307.14120954
_iDEO/P
_k307.14120954
_mDEO/P